000 00555nam a2200193Ia 4500
005 20250508160602.0
008 008 250505s9999 xx 000 0 eng d
037 _aTextual
040 _aFEDL
_beng
_cFEDL
041 _aeng
_2eng
084 _a152.8, BRO
_qFEDL
100 _aBrown Frederick G
_992226
245 0 _aPrinciples of educational and psychological testing
260 _aHinsdale
_bThe Dryden Press
_c1970
300 _aix,468p.
650 _aPsychometry
_9441581
942 _cTEXL
_h152.8, BRO
999 _c1365468
_d1365468